000 00683nam a2200229 i 4500
001 000045616
003 DO-SdBNP
005 20260330111549.0
007 ta
008 150416s1974 dr r 000 p spa d
040 _aDO-SdBNP
_bspa
_cBNPHU
_erda
041 _aspa
082 4 _axxxx
_bxxxx
_222
245 0 3 _aLa poesía sorprendida. :
_bcolección completa 1943-1947 /
_cdirigen, Alberto Baeza Flores,.
264 1 _aSanto Domingo :
_bCultural Dominicana,
_c1974.
300 _a500 páginas ;
_c30 cm.
336 _atexto
_btxt
_2rdacontent
337 _asin mediación
_bn
_2rdamedia
338 _avolumen
_bnc
_2rdacarrier
590 _aInventariado, 2026/BT
942 _2ddc
_cLBS1
999 _c45105
_d45105